00450nam a2200169Ia 4500008004100000082001700041082001400058100001700072245003500089260003700124260000700161300000800168600001700176630003500193700001700228730003500245151121s9999||||xx |||||||||||||| ||und|| a510ред78/Jon bHNW-74561 aJones Graham aHow to Manage Computer at Work b"Jaico Publishing House, Bombay" c-- a154 aJones Graham aHow to Manage Computer at Work aJones Graham aHow to Manage Computer at Work